Multimodal Biometric Fingerprint and IRIS for Enhanced Device Security (Thesis MS) (Record no. 69080)

MARC details
000 -LEADER
fixed length control field 00415nam a22001217a 4500
100 ## - MAIN ENTRY--AUTHOR NAME
Personal name Mohtasham Tasleem
-- 21-MSIT-15
-- Supervisor - Dr. Asghar Ali Chandio
245 ## - TITLE STATEMENT
Title Multimodal Biometric Fingerprint and IRIS for Enhanced Device Security (Thesis MS)
260 ## - PUBLICATION, DISTRIBUTION, ETC. (IMPRINT)
Place of publication Nawabshah
Name of publisher QUEST
Year of publication 2024
300 ## - PHYSICAL DESCRIPTION
Number of Pages 88p.
700 ## - ADDED ENTRY--PERSONAL NAME
Personal name Department of Information Technology
942 ## - ADDED ENTRY ELEMENTS (KOHA)
Koha item type Thesis and Dissertation
Holdings
Withdrawn status Lost status Home library Current library Date acquired Accession Number Koha item type
    Research Section Research Section 29/06/2026 MP/99-1442 Thesis and Dissertation
    Research Section Research Section 29/06/2026 MP/99-1443 Thesis and Dissertation